Johnny's General Knowledge Quiz #7 - Statistics

General Stats
  • This quiz has been taken 35,390 times
    28,038 since last reset
  • The average score is 11 of 20
Answer Stats
Question Answer % Correct
What is the job title of somebody who makes coffee and espresso drinks? Barista
92%
Who starred in "Cast Away" and "Big"? Tom Hanks
87%
What trilogy's second movie starred Robert De Niro and Al Pacino? The Godfather
82%
What is the name for a Bigfoot-like creature of the Himalayas? Yeti
79%
What curved instrument is used to ease one's heel into a shoe? Shoe Horn
72%
What was Franklin Roosevelt's middle name? Delano
65%
A room is 10 feet high, 12 feet wide, and 8 feet long. How many cubic feet is this? 960
64%
Fill in the blank: "Mr. Sandman, bring me a _____" dream
64%
In the Disney movie, which of the seven dwarfs wears glasses? Doc
61%
In which country did goulash originate? Hungary
61%
What is the written name of this symbol: & Ampersand
56%
To which city did U.S. and British forces airlift supplies after roads were blocked in 1948? West Berlin
52%
In finance, what does the A in APR stand for? Annual
45%
What type of sandwich contains corned beef, sauerkraut and Swiss cheese, with Russian dressing, served on rye? Reuben
44%
In which city would you find the districts of Roppongi and Asakusa? Tokyo
40%
What country's highest peak is Aconcagua, at 22,837 feet? Argentina
35%
Which grunge band recorded "Jeremy"? Pearl Jam
34%
Who composed the "1812 Overture"? Pyotr Ilyich Tchaikovsky
29%
What American company has the stock symbol MMM? 3M
20%
What tropical fruit is also called carambola? Starfruit
11%
No matching quizzes found
Score Distribution
Percent of People with Each Score
Percentile by Number Answered
Your Score History
You have not taken this quiz since the last reset